Conan Gray - Telepath - All lyrics - Statistics

General Stats
  • This quiz has been taken 15 times
  • The average score is 276 of 337
Answer Stats
Answer % Correct
a
92%
Already
92%
babe
92%
back
92%
be
92%
breakin'
92%
Cause
92%
comin'
92%
cry
92%
Don't
92%
don't
92%
ends
92%
even
92%
feelin'
92%
finish
92%
friends
92%
God
92%
got
92%
how
92%
I
92%
it,
92%
It's
92%
just
92%
know
92%
me
92%
news,
92%
Old
92%
original?
92%
predictable
92%
reused,
92%
say,
92%
shame
92%
so
92%
something
92%
stay
92%
that
92%
this
92%
try
92%
up,
92%
wanna
92%
We're
92%
what
92%
When
92%
when
92%
why
92%
Won't
92%
won't
92%
You
92%
you,
92%
you
92%
you're
92%
You're
92%
and
83%
And
83%
Call
83%
call
83%
can
83%
gone
83%
hate
83%
have
83%
in
83%
like
83%
on
83%
past
83%
see
83%
sendin'
83%
sentence,
83%
telepath
83%
telepath,
83%
that's
83%
the
83%
Yeah,
83%
yeah
83%
You'll
83%
you'll
83%
I'm
75%
moving
75%
trash
75%
left
67%
drafts
58%
(Oh,
58%
oh
58%
(Oh-woah)
58%
said
58%
(Woah)
58%
woah
58%
asking
50%
bet
50%
for
50%
from
50%
guts
50%
kiss
50%
love?
50%
my
50%
Now
50%
should've
50%
stop
50%
tryin'
50%
at
42%
But
42%
door
42%
I'll
42%
yesterday
42%
are
33%
boredom
33%
cryin',
33%
Drunk
33%
hits
33%
Now's
33%
perfect
33%
There
33%
time
33%
timing
33%
about
25%
look)
25%
Return
25%
(Inside)
17%
No matching quizzes found
Score Distribution
Percent of People with Each Score
Percentile by Number Answered
Your Score History
You have not taken this quiz